| 000 | 01159cam a2200289 a 4500 | ||
|---|---|---|---|
| 001 | 2596212 | ||
| 003 | OSt | ||
| 005 | 20240711155822.0 | ||
| 008 | 970128s1998 nyua b 001 0 eng | ||
| 010 | _a 97004311 | ||
| 020 | _a0471152374 (cloth : acidfree paper) | ||
| 040 |
_aDLC _cMUST _dDLC |
||
| 082 | 0 | 0 |
_a621.381 MOD 1998 _221 |
| 245 | 0 | 0 |
_aModern semiconductor device physics / _cedited by S.M. Sze. |
| 260 |
_aNew York : _bWiley, _cc1998. |
||
| 300 |
_axii, 556 p. : _bill. ; _c25 cm. |
||
| 500 | _a"A Wiley-Interscience publication." | ||
| 504 | _aIncludes bibliographical references and index. | ||
| 650 | 0 |
_aSemiconductors. _913406 |
|
| 700 | 1 |
_aSze, S. M., _d1936- _918686 |
|
| 856 | 4 | 2 |
_3Contributor biographical information _uhttp://www.loc.gov/catdir/bios/wiley047/97004311.html |
| 856 | 4 | 2 |
_3Publisher description _uhttp://www.loc.gov/catdir/description/wiley032/97004311.html |
| 856 | 4 | 1 |
_3Table of contents _uhttp://www.loc.gov/catdir/toc/wiley022/97004311.html |
| 906 |
_a7 _bcbc _corignew _d1 _eocip _f19 _gy-gencatlg |
||
| 942 |
_2ddc _cO_SHELF |
||
| 999 |
_c9166 _d9166 |
||